000 00852nam a22003017a 4500
001 BR8502120
003 BR-BrBNA
005 20230928092142.0
007 ta
008 230509b bl.||||| |||| 00| 0 por d
040 _aBR-BrBNA
_bpor
_cBiblioteca Nacional de Agricultura
041 _a(Por)
072 _aE50; E11
_b/G514
090 _ E50 BR8502120
100 1 _aPaiva, V. (ed.)
111 1 _aSeminario Igreja e Questao Agraria
_cRio de Janeiro, RJ (Brazil)
_d23-25 Nov 1983
245 1 _aIgreja e Questao Agraria
260 3 _aSao Paulo, SP (Brasil):
_bEd. Loyola,
_c1985.
300 _a279 p.
650 _aCOMUNIDADE RURAL
650 _aPOLITICA SOCIAL
650 _aESTRUTURA AGRARIA
650 _aREFORMA AGRARIA
650 _aASSISTENCIA SOCIAL
650 _aSINDICATO
909 _a202309
_bLucia
_c55
_dLucia Elande
942 _cBK
999 _c37411
_d37411